[Event "ICS Rated blitz match"]
[Site "207.99.83.229"]
[Date "1999.05.28"]
[Round "?"]
[White "blunite"]
[Black "Hossa"]
[Result "1/2-1/2"]
[WhiteElo "2165"]
[BlackElo "2534"]
[PlyCount "92"]

1. e4 e5 2. Nf3 Nc6 3. Bb5 Nf6 4. O-O Bc5 5. c3 O-O 6. d4 exd4 7. cxd4 Bb6 8.
Nc3 a6 9. Ba4 d6 10. h3 Bd7 11. a3 Qe8 12. Bc2 Ba5 13. b4 Bb6 14. Re1 Qd8 15.
Bg5 h6 16. Bh4 g5 17. Bg3 Re8 18. Qd2 Rb8 19. Rad1 Nh5 20. Bh2 Kh8 21. e5 dxe5
22. dxe5 Be6 23. Qc1 Qe7 24. g4 Ng7 25. Nd5 Bxd5 26. Rxd5 Red8 27. Red1 Rxd5
28. Rxd5 Ne6 29. Qd2 Qf8 30. Bf5 a5 31. b5 Qxa3 32. bxc6 Qxf3 33. Bxe6 fxe6 34.
Rd8+ Rxd8 35. Qxd8+ Kh7 36. Qd7+ Kg8 37. Qxe6+ Kh7 38. Qd7+ Kh8 39. Qd8+ Kh7
40. Qd7+ Kh8 41. Qd8+ Kh7 42. Qd7+ Kh8 43. Qe8+ Kg7 44. Qe7+ Kg8 45. Qe8+ Kh7
46. Qd7+ 46... Kh8 {Game drawn by repetition} 1/2-1/2

[Event "ICS Rated blitz match"]
[Site "207.99.83.229"]
[Date "1999.05.28"]
[Round "?"]
[White "Hossa"]
[Black "rb"]
[Result "1-0"]
[WhiteElo "2521"]
[BlackElo "2244"]
[PlyCount "75"]

1. e4 e5 2. Nf3 Nc6 3. Bb5 a6 4. Ba4 Nf6 5. d3 Bc5 6. Nc3 d6 7. Bg5 O-O 8. Nd5
Be6 9. Nxf6+ gxf6 10. Bh6 Re8 11. O-O f5 12. Ng5 Kh8 13. exf5 Rg8 14. Qh5 Rxg5
15. Bxg5 f6 16. Bh4 Qf8 17. fxe6 Nd4 18. Qf7 Qxf7 19. exf7 Kg7 20. Be8 Nxc2 21.
Bxf6+ Kf8 22. Rad1 Rc8 23. Kh1 c6 24. Rd2 Nb4 25. f4 Be3 26. fxe5 Rxe8 27. Bg7+
Ke7 28. Re2 dxe5 29. Rxe3 Kd7 30. fxe8=Q+ Kxe8 31. Rxe5+ Kd8 32. Rf7 Nd5 33.
Rh5 Ke8 34. Rxb7 Nc7 35. Rxc7 Kd8 36. Be5 a5 37. Rhxh7 Ke8 38. Rh8# {
rb checkmated} 1-0

[Event "ICS Rated standard match"]
[Site "207.99.83.229"]
[Date "1999.05.28"]
[Round "?"]
[White "rb"]
[Black "Hossa"]
[Result "1/2-1/2"]
[WhiteElo "2251"]
[BlackElo "2253"]
[PlyCount "195"]

1. e4 e5 2. Nf3 Nc6 3. Bb5 a6 4. Ba4 Nf6 5. O-O Be7 6. Re1 b5 7. Bb3 d6 8. c3
O-O 9. h3 Nd7 10. d4 Bf6 11. a4 Bb7 12. Na3 exd4 13. cxd4 Na5 14. axb5 axb5 15.
Nxb5 Nxb3 16. Rxa8 Qxa8 17. Qxb3 Bxe4 18. Nxc7 Qc6 19. Qc3 Bxf3 20. gxf3 Nc5
21. Bf4 Qxc7 22. Qxc5 dxc5 23. Bxc7 Bxd4 24. Kf1 Bxb2 25. Bd6 Bd4 26. Bxf8 Kxf8
27. Rb1 Ke7 28. Rb7+ Ke6 29. f4 f5 30. Ke2 Kd5 31. f3 Kc4 32. Rf7 Bf6 33. Rc7
Kd5 34. Kd3 h6 35. Rd7+ Ke6 36. Rb7 Be7 37. Kc4 Bf8 38. Rb6+ Kf7 39. Kd5 g6 40.
Rc6 h5 41. Ra6 h4 42. Ra5 Be7 43. Ra7 Kf6 44. Ra6+ Kg7 45. Ke6 Bf8 46. Ra8 c4
47. Rc8 Bb4 48. Rxc4 Bd2 49. Rc7+ Kh6 50. Ke5 Ba5 51. Rc8 Kg7 52. Rc5 Bb6 53.
Rc4 Kf7 54. Rc8 Ba5 55. Rc5 Bb6 56. Rc6 Bd8 57. Kd5 Ba5 58. Kd4 Bd2 59. Ke5 Ba5
60. Rc2 Bd8 61. Kd5 Bb6 62. Rb2 Ba5 63. Ra2 Be1 64. Rc2 Bb4 65. Rc7+ Kf6 66.
Rc6+ Kf7 67. Rc2 Ba5 68. Rb2 Be1 69. Ra2 Kf6 70. Kd4 Bb4 71. Ra6+ Kg7 72. Rc6
Ba5 73. Ke3 Bb4 74. Kd3 Be7 75. Kd4 Kf7 76. Ke3 Bd8 77. Kd3 Kg7 78. Ke2 Kh7 79.
Rd6 Ba5 80. Ra6 Bb4 81. Rc6 Ba3 82. Ke3 Bb2 83. Rc2 Ba3 84. Rc7+ Kh6 85. Rc3
Bb2 86. Rc2 Ba3 87. Rc6 Bb2 88. Rc5 Kh7 89. Kd3 Ba3 90. Rc7+ Kh6 91. Rc6 Bb2
92. Ke2 Ba3 93. Kd2 Kg7 94. Kd1 Bb4 95. Kc2 Ba5 96. Kb3 Be1 97. Rc7+ Kh6 98.
Rh7+ {Game drawn by the 50 move rule} 1/2-1/2

[Event "ICS Rated standard match"]
[Site "207.99.83.229"]
[Date "1999.05.28"]
[Round "?"]
[White "Hossa"]
[Black "rb"]
[Result "1/2-1/2"]
[WhiteElo "2253"]
[BlackElo "2251"]
[PlyCount "173"]

1. e4 e5 2. Nf3 Nc6 3. Bb5 a6 4. Ba4 Nf6 5. d3 d6 6. O-O Be7 7. Nc3 O-O 8. Bxc6
bxc6 9. d4 exd4 10. Nxd4 Bd7 11. Re1 Kh8 12. e5 dxe5 13. Rxe5 Bd6 14. Re2 Qb8
15. Ne4 Nxe4 16. Rxe4 Re8 17. Re3 Rxe3 18. fxe3 Qb4 19. Qf1 Qa5 20. Nf3 Qc5 21.
c3 Bg4 22. h3 Bh5 23. Bd2 Qd5 24. Nd4 Bg6 25. Qf2 Be4 26. Nf3 Rd8 27. Be1 h6
28. Nd2 Bd3 29. b3 Re8 30. Nf3 Qe6 31. Bd2 Qg6 32. Nh4 Qh5 33. Rc1 Qe5 34. Nf3
Qe4 35. c4 Ba3 36. Re1 f6 37. Bc3 Bc5 38. Bd4 Bb4 39. Rd1 c5 40. Bb2 Bc2 41.
Rd7 Qc6 42. Rd5 Be4 43. Rd1 Bxf3 44. gxf3 Qe6 45. Kg2 Qxe3 46. Qxe3 Rxe3 47.
Kf2 Re7 48. h4 Kg8 49. Rg1 Kf7 50. h5 Ba5 51. f4 Bd2 52. Kg3 Re3+ 53. Kg4 Re2
54. f5 Be3 55. Rb1 Rf2 56. Re1 Rxb2 57. Rxe3 Rxa2 58. Rf3 Rd2 59. Kh3 c6 60.
Rg3 Rd1 61. Kh4 Rd4+ 62. Rg4 Ke7 63. Kg3 Rd3+ 64. Kg2 Kf7 65. Rg3 Rd4 66. Rf3
Rh4 67. Rh3 Rxh3 68. Kxh3 Ke7 69. Kg4 Kd7 70. Kf3 a5 71. Ke3 Ke7 72. Kd3 Kd8
73. Ke3 Kd7 74. Kd3 Kc7 75. Ke3 Kd8 76. Ke4 Ke8 77. Kf4 Ke7 78. Ke3 Kf8 79. Ke4
Kf7 80. Kd3 Kg8 81. Ke3 Kh8 82. Ke4 Kg8 83. Ke3 Kh7 84. Kd3 Kh8 85. Ke4 Kh7 86.
Kd3 Kh8 87. Ke4 {Game drawn by repetition} 1/2-1/2

[Event "ICS Rated blitz match"]
[Site "207.99.83.229"]
[Date "1999.05.28"]
[Round "?"]
[White "rb"]
[Black "Hossa"]
[Result "0-1"]
[WhiteElo "2239"]
[BlackElo "2526"]
[PlyCount "154"]

1. e4 e5 2. Nf3 Nc6 3. Bb5 a6 4. Ba4 Nf6 5. O-O Be7 6. Re1 b5 7. Bb3 d6 8. c3
O-O 9. h3 Nd7 10. d4 Bf6 11. a4 Bb7 12. Na3 exd4 13. cxd4 Na5 14. Ba2 b4 15.
Nc4 Nxc4 16. Bxc4 Re8 17. Qb3 Rxe4 18. Bxf7+ Kh8 19. Qxb4 Rxe1+ 20. Nxe1 Rb8
21. Qc4 Qe7 22. Qe6 Qxe6 23. Bxe6 Re8 24. d5 Bxd5 25. Bxd5 Rxe1+ 26. Kh2 Nc5
27. Bc4 Bg5 28. Bxg5 Rxa1 29. b3 Rb1 30. Be3 Rxb3 31. Bxb3 Nxb3 32. Ba7 c5 33.
Kg3 Kg8 34. Kf4 Kf7 35. Kf5 Nd4+ 36. Ke4 Ke6 37. Bb6 d5+ 38. Ke3 Kd6 39. Ba5
Nb3 40. Bb6 Kc6 41. Bd8 c4 42. f3 d4+ 43. Ke4 d3 44. Ke3 d2 45. Ke2 c3 46. Bg5
Nc1+ 47. Kd1 Nd3 48. Ke2 Nb2 49. Bxd2 cxd2 50. Kxd2 Nxa4 51. Kc2 Kb5 52. Kd3 a5
53. g3 Kb4 54. Kc2 Nc3 55. h4 Ne2 56. g4 Nd4+ 57. Kb2 Nxf3 58. h5 g5 59. hxg6
hxg6 60. Ka2 g5 61. Kb2 a4 62. Kc2 a3 63. Kb1 a2+ 64. Kxa2 Ne5 65. Kb2 Nxg4 66.
Kc2 Nh2 67. Kd3 g4 68. Ke3 g3 69. Ke2 Kc4 70. Ke3 Kd5 71. Ke2 Kd4 72. Kd1 g2
73. Kc2 g1=Q 74. Kb2 Kc4 75. Kc2 Qg2+ 76. Kb1 Kb3 77. Ka1 77... Qg1# {
rb checkmated} 0-1

[Event "ICS Rated blitz match"]
[Site "207.99.83.229"]
[Date "1999.05.28"]
[Round "?"]
[White "Hossa"]
[Black "MoonShot"]
[Result "0-1"]
[WhiteElo "2531"]
[BlackElo "2801"]
[PlyCount "119"]

1. e4 d5 2. exd5 Qxd5 3. Nc3 Qd6 4. d4 Nf6 5. Nf3 Bg4 6. h3 Bh5 7. g4 Bg6 8.
Ne5 Nbd7 9. Nb5 Qb6 10. Bf4 Nd5 11. Nxd7 Kxd7 12. Be5 f6 13. Bg3 a6 14. c4 Qa5+
15. Nc3 Nxc3 16. Qd2 Be4 17. Rg1 c5 18. Qxc3 Qxc3+ 19. bxc3 cxd4 20. cxd4 Rd8
21. O-O-O e6 22. Kb2 Bb4 23. a3 Ba5 24. d5 Bb6 25. d6 e5 26. g5 Bd4+ 27. Ka2
Kc6 28. gxf6 gxf6 29. Re1 f5 30. Bg2 Bxg2 31. Rxg2 Rhg8 32. Rh2 Kxd6 33. Kb3
Rd7 34. Rd1 Kc5 35. Bxe5 Bxe5 36. Rxd7 Bxh2 37. a4 Rg2 38. Rd5+ Kc6 39. Rxf5
Rg6 40. Rh5 Rg7 41. Rf5 Kd6 42. Rf3 Ke5 43. Rf8 Rd7 44. Kc3 Ke4 45. Re8+ Kf3
46. Rf8+ Ke2 47. f4 Ke3 48. f5 Bd6 49. Re8+ Kf4 50. f6 Be5+ 51. Kb4 Bxf6 52.
Rf8 Ke5 53. Rb8 Bg5 54. c5 Kd5 55. Rc8 Rf7 56. Rg8 Be7 57. Ka5 Bxc5 58. Rg3 Rf5
59. Rc3 Rf4 60. h4 {Hossa resigns} 0-1

[Event "ICS Rated blitz match"]
[Site "207.99.83.229"]
[Date "1999.05.28"]
[Round "?"]
[White "rb"]
[Black "Hossa"]
[Result "1-0"]
[WhiteElo "2234"]
[BlackElo "2525"]
[PlyCount "68"]

1. e4 e5 2. Nf3 Nc6 3. Bb5 a6 4. Ba4 Nf6 5. O-O Be7 6. Re1 b5 7. Bb3 d6 8. c3
O-O 9. h3 Nd7 10. d4 Bf6 11. a4 Bb7 12. Na3 exd4 13. cxd4 Na5 14. Bf4 Nxb3 15.
Qxb3 Re8 16. axb5 Bxe4 17. Nd2 Bf5 18. Rxe8+ Qxe8 19. Qd5 Be6 20. Qe4 axb5 21.
Rc1 d5 22. Qd3 b4 23. Nb5 Qf8 24. Nxc7 Ra2 25. Qb5 Bxd4 26. Nxe6 fxe6 27. Qxd7
Bxf2+ 28. Kh1 h5 29. Rc8 Ra1+ 30. Kh2 Bg1+ 31. Kg3 Qxc8 32. Qxc8+ Kh7 33. Nf3
e5 34. Ng5+ 34... Kh6 {Hossa resigns} 1-0

[Event "ICS rated blitz match"]
[Site "207.99.83.229"]
[Date "1999.05.28"]
[Round "?"]
[White "Hossa"]
[Black "rb"]
[Result "1-0"]
[WhiteElo "2498"]
[BlackElo "2261"]
[PlyCount "89"]

1. e4 e5 2. Nf3 Nc6 3. Bb5 a6 4. Ba4 Nf6 5. O-O Nxe4 6. d4 b5 7. Bb3 d5 8. dxe5
Be6 9. Nbd2 Be7 10. a4 Nc5 11. axb5 axb5 12. Rxa8 Qxa8 13. c3 b4 14. Qe2 bxc3
15. bxc3 Qa5 16. Qe3 Nxb3 17. Nxb3 Qa2 18. Nfd4 Nxd4 19. cxd4 Bd7 20. Qg3 Rf8
21. Qc3 Bb5 22. Re1 Bc4 23. Nd2 h6 24. Bb2 Bb5 25. Ra1 Qxa1+ 26. Bxa1 c6 27.
Bb2 Bg5 28. Ba3 Rh8 29. Nf3 Bc4 30. Nxg5 hxg5 31. Qb4 c5 32. Qb8+ Kd7 33. Qxh8
cxd4 34. Qxg7 Kc6 35. Qxf7 Kb6 36. Qf6+ Kb5 37. e6 Be2 38. Qxg5 Ka6 39. e7 Bb5
40. Qg6+ Kb7 41. Qb1 Ka6 42. Bc5 d3 43. e8=Q Kb7 44. Qbxb5+ Kc7 45. Qed7# {
rb checkmated} 1-0

[Event "ICS Rated blitz match"]
[Site "207.99.83.229"]
[Date "1999.05.28"]
[Round "?"]
[White "Amateur"]
[Black "Hossa"]
[Result "1-0"]
[WhiteElo "2521"]
[BlackElo "2498"]
[PlyCount "139"]

1. e4 e5 2. Nf3 Nc6 3. Bb5 a6 4. Ba4 Nf6 5. O-O Be7 6. d4 exd4 7. e5 Nd5 8.
Nxd4 Nb6 9. Nxc6 dxc6 10. Qxd8+ Bxd8 11. Bb3 a5 12. a4 O-O 13. Rd1 Bf5 14. Nc3
Be7 15. Bf4 Bg4 16. Rd3 Bf5 17. Rf3 Bg6 18. e6 fxe6 19. Bxe6+ Kh8 20. Bxc7 Rxf3
21. gxf3 Bd8 22. Bxd8 Rxd8 23. Ne4 Re8 24. Bb3 Bxe4 25. fxe4 Rxe4 26. Kg2 h5
27. Bf7 Rg4+ 28. Kf3 Rh4 29. Kg2 g5 30. b3 Kg7 31. Be6 Re4 32. Bf5 Re5 33. Bd3
Nd5 34. Bc4 Nf4+ 35. Kf3 Kf6 36. Rd1 Ke7 37. h4 Ng6 38. hxg5 Rxg5 39. Ke4 Re5+
40. Kf3 Kf6 41. Bd3 Rg5 42. Bxg6 Rxg6 43. Rd7 b6 44. Rb7 Rg5 45. Rxb6 Rc5 46.
c4 Kf5 47. Ke3 Ke6 48. Kf4 Kd6 49. Rb8 Ke6 50. Rf8 Kd6 51. Rg8 Kc7 52. Rg7+ Kb6
53. Ke4 Ka6 54. f4 Kb6 55. Rh7 h4 56. f5 Rxf5 57. Kxf5 Kc5 58. Rxh4 Kb4 59. Ke6
Kc5 60. Kd7 Kb4 61. Kxc6 Kxb3 62. c5 Kc2 63. Kb6 Kc3 64. c6 Kc2 65. c7 Kd2 66.
c8=Q Kd3 67. Qc4+ Kd2 68. Re4 Kd1 69. Qa2 Kc1 70. Re1# {Hossa checkmated} 1-0

[Event "ICS Rated standard match"]
[Site "207.99.83.229"]
[Date "1999.05.28"]
[Round "?"]
[White "Hossa"]
[Black "rb"]
[Result "0-1"]
[WhiteElo "2253"]
[BlackElo "2252"]
[PlyCount "118"]

1. e4 e5 2. Nf3 Nc6 3. Bb5 a6 4. Ba4 Nf6 5. O-O Be7 6. d4 exd4 7. e5 Ng4 8.
Bxc6 dxc6 9. h3 Nh6 10. Bxh6 gxh6 11. Qd2 Rg8 12. Kh1 Bf5 13. Qxd4 Bxc2 14. Qf4
Qd3 15. Rg1 Bc5 16. e6 fxe6 17. Qxc7 Qd6 18. Qxd6 Bxd6 19. Re1 Kd7 20. Nbd2
Raf8 21. Ne4 Bxe4 22. Rxe4 Rf4 23. Re2 Rf5 24. Rd1 Rd5 25. Rde1 Bb4 26. Rxe6
Bxe1 27. Rxe1 Kd6 28. Kh2 Rf5 29. Rf1 Rb5 30. b3 Rf5 31. Nd2 Kd7 32. a4 Rfg5
33. Rg1 Kc7 34. Nf3 R5g6 35. Ne5 Rd6 36. Rf1 Rd2 37. Nc4 Re2 38. g3 Rf8 39. Kg2
h5 40. g4 hxg4 41. hxg4 Rc2 42. a5 Rf6 43. Nb6 Rb2 44. Na8+ Kb8 45. Nb6 Rg6 46.
Nd7+ Kc7 47. Ne5 Rg5 48. Re1 h5 49. Re3 Ra2 50. Kg3 hxg4 51. Kf4 Rg7 52. Nxg4
Rxa5 53. Ne5 Rb5 54. Rc3 Re7 55. Nd3 Rd5 56. f3 Rd4+ 57. Kg5 Re3 58. Nf4 Rxc3
59. Ne6+ 59... Kd6 {Hossa resigns} 0-1

[Event "ICS Rated blitz match"]
[Site "207.99.83.229"]
[Date "1999.05.28"]
[Round "?"]
[White "Hossa"]
[Black "Quaestor"]
[Result "0-1"]
[WhiteElo "2504"]
[BlackElo "2782"]
[PlyCount "100"]

1. e4 Nf6 2. e5 Nd5 3. Nf3 d6 4. d4 g6 5. Bc4 Nb6 6. Bb5+ c6 7. Be2 Bg7 8. O-O
Bg4 9. Bf4 dxe5 10. Bxe5 Bxe5 11. Nxe5 Bxe2 12. Qxe2 Qxd4 13. Nc3 O-O 14. Rad1
Qf4 15. Qe3 Qxe3 16. fxe3 f6 17. Nf3 Nc4 18. Rfe1 b5 19. b3 Na3 20. Re2 a5 21.
Rf2 Ra7 22. Nd4 Rd8 23. Rdd2 b4 24. Ne4 Rd5 25. Rf4 Rad7 26. c4 Re5 27. Rdf2 f5
28. Rf1 h5 29. Ng5 Rxe3 30. Nxf5 gxf5 31. Rxf5 Kg7 32. Nf7 Re6 33. Rxh5 Rf6 34.
Ng5 Kg6 35. g4 Rd3 36. Re1 Nc2 37. Rxe7 Ne3 38. Rxe3 Rxe3 39. Nh3 Nd7 40. Rg5+
Kf7 41. Rh5 Re1+ 42. Kg2 Re2+ 43. Kg3 Rxa2 44. Ng5+ Kg6 45. Ne4 Re6 46. Rg5+
Kf7 47. Rf5+ Ke7 48. Ng5 Re3+ 49. Rf3 Rxf3+ 50. Nxf3 50... Nc5 {Hossa resigns}
0-1

[Event "ICS Rated blitz match"]
[Site "207.99.83.229"]
[Date "1999.05.28"]
[Round "?"]
[White "Hossa"]
[Black "SuperChicken"]
[Result "1/2-1/2"]
[WhiteElo "2511"]
[BlackElo "2683"]
[PlyCount "109"]

1. e4 e5 2. Nf3 Nc6 3. Bb5 a6 4. Ba4 Nf6 5. O-O Be7 6. Re1 b5 7. Bb3 O-O 8. a4
b4 9. d3 d6 10. a5 Bg4 11. Ra4 Nd4 12. Rxb4 d5 13. Ra4 dxe4 14. dxe4 Nxf3+ 15.
gxf3 Qxd1 16. Rxd1 Bxf3 17. Re1 Rfd8 18. Nd2 Bg4 19. Nc4 Bd7 20. Ra1 Be6 21.
Nxe5 Bxb3 22. cxb3 Bb4 23. Re2 Rd1+ 24. Kg2 Bxa5 25. Rxa5 Rxc1 26. Nd3 Rc6 27.
h4 Kf8 28. Nc5 Ke7 29. e5 Nd7 30. b4 Rb6 31. Kh3 Rxb4 32. Rxa6 Rd8 33. Ra5 Nxc5
34. Rxc5 Rd3+ 35. Kg2 Rg4+ 36. Kf1 Rd1+ 37. Re1 Rxe1+ 38. Kxe1 Rxh4 39. Rxc7+
Ke6 40. Rb7 h5 41. Kd2 g5 42. b4 Kxe5 43. b5 Rf4 44. Ke3 h4 45. Rc7 Re4+ 46.
Kd3 Rb4 47. Rc5+ Kf4 48. Kc3 Rb1 49. Kc2 Rf1 50. b6 Rxf2+ 51. Kb3 Rf1 52. Ka2
Rf2+ 53. Kb3 Rf1 54. Ka2 Rf2+ 55. Kb3 {Game drawn by repetition} 1/2-1/2

[Event "ICS Rated blitz match"]
[Site "207.99.83.229"]
[Date "1999.05.28"]
[Round "?"]
[White "MissSilicon"]
[Black "Hossa"]
[Result "0-1"]
[WhiteElo "2504"]
[BlackElo "2518"]
[PlyCount "132"]

1. Nf3 Nf6 2. c4 Nc6 3. d4 e6 4. Nc3 d5 5. Bg5 Be7 6. e3 O-O 7. cxd5 Nxd5 8.
Bxe7 Qxe7 9. Be2 Nxc3 10. bxc3 e5 11. d5 Rd8 12. e4 Qf6 13. O-O Ne7 14. Rb1 c6
15. c4 Ng6 16. Qc2 Nf4 17. dxc6 bxc6 18. Rfd1 Rxd1+ 19. Bxd1 Qg6 20. g3 Nh3+
21. Kg2 f6 22. Kf1 Bg4 23. Nd2 Bxd1 24. Rxd1 Rb8 25. Rb1 Qe8 26. Rxb8 Qxb8 27.
Nf3 Qb4 28. Qb3 Qxb3 29. axb3 c5 30. Kg2 Ng5 31. Nxg5 fxg5 32. g4 Kf7 33. Kf3
a5 34. Ke2 g6 35. Kd3 h5 36. h3 Ke6 37. Ke2 Kf6 38. Kf3 h4 39. Ke2 Kf7 40. Kd3
Ke6 41. Kd2 Kd7 42. f3 Kc7 43. Kc3 Kd6 44. Kc2 Kc6 45. Kb1 Kb7 46. Kb2 Ka6 47.
Kc2 Ka7 48. Kc3 Ka8 49. Kd2 Kb8 50. Ke3 Kb7 51. Kd3 Kc6 52. Kc2 Kb6 53. Kc3 Kc7
54. Kb2 Kb8 55. Kc1 Kc8 56. Kd1 Kc7 57. Ke1 a4 58. Kd2 Kb6 59. Kc3 Ka5 60. Kb2
Kb4 61. bxa4 Kxa4 62. Kc3 Ka3 63. Kc2 Kb4 64. Kd3 Kb3 65. Kd2 Kxc4 66. Kc2
66... Kd4 {MissSilicon resigns} 0-1

[Event "ICS Rated blitz match"]
[Site "207.99.83.229"]
[Date "1999.05.28"]
[Round "?"]
[White "Hossa"]
[Black "Panthee"]
[Result "1-0"]
[WhiteElo "2533"]
[BlackElo "2290"]
[PlyCount "39"]

1. e4 c5 2. Nf3 d6 3. d4 cxd4 4. Nxd4 Nf6 5. Bd3 Nc6 6. Nxc6 bxc6 7. O-O g6 8.
Qf3 Bd7 9. Nc3 Bg7 10. Bg5 O-O 11. Rab1 Qa5 12. Qg3 Nh5 13. Qh4 f6 14. Be3 f5
15. Qxe7 Rad8 16. Qxd6 fxe4 17. Nxe4 Be5 18. Bc4+ Kg7 19. Qe7+ Kh8 20. Ng5 {
Panthee resigns} 1-0

[Event "ICS Rated blitz match"]
[Site "207.99.83.229"]
[Date "1999.05.28"]
[Round "?"]
[White "Hossa"]
[Black "Panthee"]
[Result "1-0"]
[WhiteElo "2545"]
[BlackElo "2278"]
[PlyCount "163"]

1. e4 a6 2. Nf3 b5 3. d4 Bb7 4. Bd3 Nf6 5. e5 Nd5 6. O-O e6 7. a4 bxa4 8. c4
Nb4 9. Rxa4 Nxd3 10. Qxd3 Be7 11. b3 O-O 12. Nc3 c5 13. dxc5 Bxc5 14. Ng5 g6
15. Nge4 Be7 16. Bh6 Re8 17. Nd6 Bc6 18. Nxe8 Bxa4 19. Nxa4 Qxe8 20. Rd1 Ra7
21. Be3 Rb7 22. Nc5 Rc7 23. Ne4 Nc6 24. Qc3 a5 25. Bc5 Nb4 26. Bxe7 Qxe7 27.
Nf6+ Kg7 28. Qd4 Nc6 29. Qd6 Qxd6 30. Rxd6 Rb7 31. Nxd7 Nxe5 32. Nxe5 Rxb3 33.
f4 a4 34. Rd7 a3 35. Rxf7+ Kg8 36. Ra7 h6 37. Nxg6 Rc3 38. Ne5 h5 39. h3 h4 40.
Ra6 Kg7 41. Ra8 Kf6 42. Rf8+ Ke7 43. Ng6+ Kd6 44. Ra8 Kc5 45. Ra4 Kd4 46. Nxh4
Kd3 47. Ng6 Kc2 48. Ra6 Kb2 49. Rb6+ Rb3 50. Rxe6 a2 51. Re2+ Ka3 52. Rxa2+
Kxa2 53. Kf2 Rc3 54. Ne5 Kb3 55. g3 Kb4 56. h4 Kc5 57. Kg2 Kd4 58. h5 Ke4 59.
h6 Ra3 60. c5 Ra7 61. Kh3 Kf5 62. c6 Rc7 63. Kh4 Rh7 64. Kh5 Rc7 65. Nf3 Kf6
66. Nd4 Rh7 67. g4 Rc7 68. g5+ Kf7 69. g6+ Kg8 70. Nf5 Ra7 71. Kg5 Rc7 72. Nd4
Re7 73. Kf6 Rc7 74. Ke6 Rg7 75. hxg7 Kxg7 76. f5 Kh6 77. c7 Kg5 78. c8=Q Kf4
79. Qc3 Ke4 80. g7 Kf4 81. g8=Q Ke4 82. Qg4# {Panthee checkmated} 1-0

[Event "ICS rated blitz match"]
[Site "207.99.83.229"]
[Date "1999.05.28"]
[Round "?"]
[White "Panthee"]
[Black "Hossa"]
[Result "0-1"]
[WhiteElo "2272"]
[BlackElo "2551"]
[PlyCount "60"]

1. e3 c5 2. a3 Nc6 3. c4 e5 4. Nc3 Nf6 5. d3 Be7 6. Qc2 O-O 7. Nf3 d5 8. cxd5
Nxd5 9. Be2 Bg4 10. O-O Nxc3 11. bxc3 Qd7 12. c4 Rad8 13. Bb2 Bf6 14. Kh1 Bxf3
15. gxf3 Qh3 16. Rg1 Bh4 17. Rg2 Rd6 18. Rag1 Rg6 19. f4 Bf6 20. Bg4 Qh4 21.
Bf5 Rxg2 22. Rxg2 exf4 23. exf4 Bxb2 24. Qxb2 Nd4 25. Bg4 Re8 26. Rg3 Re1+ 27.
Kg2 Re7 28. Qd2 f5 29. Bd1 Ne6 30. Kf3 30... Qxh2 {Panthee resigns} 0-1

[Event "ICS rated blitz match"]
[Site "207.99.83.229"]
[Date "1999.05.28"]
[Round "?"]
[White "SuperChicken"]
[Black "Hossa"]
[Result "1-0"]
[WhiteElo "2679"]
[BlackElo "2556"]
[PlyCount "203"]

1. e4 e5 2. Nf3 Nc6 3. Bb5 a6 4. Ba4 Nf6 5. O-O Be7 6. Re1 b5 7. Bb3 d6 8. c3
O-O 9. h3 Na5 10. Bc2 c5 11. d4 Qc7 12. Nbd2 Bd7 13. Nb3 Nxb3 14. Bxb3 cxd4 15.
cxd4 Bc6 16. Qd3 Rac8 17. Bd2 Qb7 18. d5 Bd7 19. Nh4 Nh5 20. Nf5 Bxf5 21. exf5
Nf6 22. Rac1 Qd7 23. Qf3 Kh8 24. Be3 Rg8 25. Rf1 e4 26. Qf4 a5 27. a3 Rgf8 28.
Rfd1 b4 29. axb4 Rxc1 30. Rxc1 Qb7 31. Rc4 Qxd5 32. bxa5 Qxa5 33. Bd4 Qe1+ 34.
Kh2 d5 35. Rc6 Qa5 36. Bc2 Qb5 37. Qc7 Qb4 38. Bc3 Qb8 39. Qxb8 Rxb8 40. Be5
Rb7 41. Kg3 h5 42. Kf4 Nd7 43. Rc8+ Kh7 44. Rc7 Rxc7 45. Bxc7 Bc5 46. Bb3 Nf6
47. g4 hxg4 48. hxg4 Bxf2 49. g5 Ne8 50. Bd8 e3 51. Bb6 Bg1 52. Bxe3 Bh2+ 53.
Kf3 Nc7 54. Bc2 Bd6 55. Bd3 Bb4 56. b3 Kg8 57. Bb6 Na8 58. Bd4 Nc7 59. Ke2 Ne8
60. Ke3 Kf8 61. f6 gxf6 62. gxf6 Nc7 63. Bf5 Nb5 64. Bb6 Ke8 65. Bd3 Nc3 66.
Bd4 Kd7 67. Kf4 Kc6 68. Ke5 Bd6+ 69. Kf5 Nb5 70. Be5 Na7 71. Bf4 Kd7 72. Be3
Nc6 73. Bf2 Bb4 74. Be2 Bc3 75. Bh5 Ke8 76. Bf3 Nb4 77. Bc5 d4 78. Be2 Nd5 79.
Bb5+ Kd8 80. Ke5 Nc7 81. Be7+ Kc8 82. Bd3 Kb7 83. Bc5 Ne6 84. Bd6 Bd2 85. Be7
Bf4+ 86. Kf5 Be3 87. b4 Kc7 88. Bc4 Kd7 89. b5 Bd2 90. b6 Ng5 91. Bb5+ Kc8 92.
Ba6+ Kd7 93. b7 Kc7 94. Bc5 Bf4 95. Ba7 Kc6 96. Kxf4 Ne6+ 97. Kf5 Nc5 98. Bxc5
Kxc5 99. b8=Q Kd5 100. Qb4 Kc6 101. Ke5 Kc7 102. Qd6# {Hossa checkmated} 1-0

[Event "ICS Rated blitz match"]
[Site "207.99.83.229"]
[Date "1999.05.28"]
[Round "?"]
[White "Hossa"]
[Black "Quaestor"]
[Result "0-1"]
[WhiteElo "2545"]
[BlackElo "2742"]
[PlyCount "56"]

1. e4 d5 2. exd5 Nf6 3. d4 Nxd5 4. Nf3 g6 5. Bb5+ c6 6. Be2 Bg7 7. c4 Nb6 8.
Bf4 c5 9. Be5 Bxe5 10. dxe5 Qxd1+ 11. Bxd1 Nxc4 12. b3 Nb2 13. Be2 Nc6 14. Nbd2
Bf5 15. Rc1 b6 16. O-O Nd3 17. Bxd3 Bxd3 18. Rfe1 Nb4 19. e6 f6 20. Re3 Nxa2
21. Rd1 Nb4 22. Ne1 O-O-O 23. Nxd3 Rxd3 24. Rxd3 Nxd3 25. Nc4 Rd8 26. h4 Ne5
27. Rxd8+ Kxd8 28. Nxe5 28... fxe5 {Hossa resigns} 0-1

[Event "ICS rated blitz match"]
[Site "207.99.83.229"]
[Date "1999.05.28"]
[Round "?"]
[White "Hossa"]
[Black "Varguz"]
[Result "1-0"]
[WhiteElo "2537"]
[BlackElo "2860"]
[PlyCount "41"]

1. e4 c5 2. Nf3 d6 3. d4 cxd4 4. Nxd4 Nf6 5. Bd3 e6 6. O-O a6 7. Qf3 e5 8. Nf5
Bxf5 9. Qxf5 Be7 10. Nc3 Nc6 11. Be3 Nb4 12. Rad1 O-O 13. f4 Qa5 14. a4 g6 15.
Qh3 b5 16. fxe5 dxe5 17. Bg5 Rad8 18. axb5 axb5 19. Bh6 Nxd3 20. cxd3 Rfe8 21.
Qf3 {Varguz resigns} 1-0

[Event "ICS rated blitz match"]
[Site "207.99.83.229"]
[Date "1999.05.28"]
[Round "?"]
[White "Varguz"]
[Black "Hossa"]
[Result "1-0"]
[WhiteElo "2832"]
[BlackElo "2565"]
[PlyCount "43"]

1. e4 e5 2. Nf3 Nc6 3. d4 exd4 4. Nxd4 Nf6 5. Nxc6 bxc6 6. e5 Qe7 7. Qe2 Nd5 8.
c4 Ba6 9. b3 O-O-O 10. g3 Re8 11. Bb2 f6 12. Nd2 fxe5 13. O-O-O Nb4 14. Bh3 Qd6
15. Bf5 Re7 16. Ne4 Qh6+ 17. Kb1 Rf7 18. Qg4 Kb8 19. Bc1 g5 20. a3 d5 21. axb4
Rxf5 22. Qxf5 {Hossa resigns} 1-0

[Event "ICS rated blitz match"]
[Site "207.99.83.229"]
[Date "1999.05.28"]
[Round "?"]
[White "Hossa"]
[Black "Varguz"]
[Result "0-1"]
[WhiteElo "2559"]
[BlackElo "2838"]
[PlyCount "54"]

1. e4 e5 2. Nf3 Nc6 3. Bb5 a6 4. Ba4 Nf6 5. O-O Be7 6. Re1 b5 7. Bb3 O-O 8. a4
Bb7 9. d3 d6 10. Nbd2 Na5 11. Ba2 c5 12. axb5 axb5 13. Qe2 Nc6 14. c3 Qd7 15.
Ng5 b4 16. Nc4 b3 17. Nb6 Qc7 18. Nxa8 Rxa8 19. Bxb3 Rxa1 20. Nxf7 Qb6 21. Be6
Kf8 22. b3 Bc8 23. Bxc8 Kxf7 24. Qb2 Qa7 25. b4 Ra2 26. Qb3+ c4 27. Be6+ 27...
Kf8 {Hossa resigns} 0-1

[Event "ICS rated blitz match"]
[Site "207.99.83.229"]
[Date "1999.05.28"]
[Round "?"]
[White "Varguz"]
[Black "Hossa"]
[Result "1-0"]
[WhiteElo "2843"]
[BlackElo "2554"]
[PlyCount "91"]

1. e4 e5 2. Nf3 Nc6 3. Bb5 a6 4. Ba4 Nf6 5. O-O Be7 6. Re1 b5 7. Bb3 d6 8. c3
O-O 9. h3 Re8 10. d4 Bb7 11. Nbd2 Rf8 12. a4 b4 13. a5 bxc3 14. bxc3 exd4 15.
cxd4 Rb8 16. d5 Nb4 17. Nd4 c5 18. dxc6 Nxc6 19. Nf5 Bc8 20. Nxe7+ Qxe7 21. Ba3
Rd8 22. Nc4 Be6 23. e5 Ne8 24. exd6 Qf6 25. Rc1 Nxd6 26. Bxd6 Bxc4 27. Bxb8
Rxd1 28. Bxd1 g6 29. Rxc4 Nxb8 30. Rc8+ Kg7 31. Rxb8 Qc3 32. Re7 Qd2 33. Rb1
Kf6 34. Ra7 Qe1+ 35. Kh2 Qe5+ 36. g3 Qxa5 37. Rbb7 Qa2 38. Kg1 Qa1 39. Rxf7+
Ke6 40. Kg2 Ke5 41. Rfe7+ Kd4 42. Rxh7 Qa2 43. Rhg7 Qe6 44. Rac7 Qa2 45. Rgd7+
Ke5 46. Rc2 {Hossa resigns} 1-0

[Event "ICS rated blitz match"]
[Site "207.99.83.229"]
[Date "1999.05.28"]
[Round "?"]
[White "Hossa"]
[Black "sard"]
[Result "1-0"]
[WhiteElo "2549"]
[BlackElo "2305"]
[PlyCount "69"]

1. e4 c6 2. d4 d5 3. exd5 cxd5 4. Nf3 Nf6 5. Bd3 Nc6 6. O-O Bg4 7. c3 e6 8.
Nbd2 Be7 9. Qb3 Qc8 10. Ne5 Nxe5 11. dxe5 Nd7 12. Qa4 O-O 13. Qxg4 Nxe5 14.
Bxh7+ Kxh7 15. Qh5+ Kg8 16. Qxe5 Bf6 17. Qh5 e5 18. Re1 g6 19. Qd1 Kg7 20. Nf3
Qc7 21. Qxd5 Rad8 22. Qe4 Rfe8 23. Qe3 e4 24. Nd2 Rd3 25. Qxa7 Rh8 26. h3 Rdxh3
27. gxh3 Rxh3 28. Rxe4 Qh2+ 29. Kf1 Qh1+ 30. Ke2 Kh7 31. Qxb7 Kg7 32. Qd7 Rh2
33. Rb4 Qg2 34. Ne4 Bh4 35. Be3 {sard resigns} 1-0